|
|
|
|
| LEADER |
00000nab a2200000uu 4500 |
| 001 |
vtls012155946 |
| 003 |
SK-MaSNL |
| 005 |
20260303223521.0 |
| 008 |
240502|2005 xo |||||||||||||||||slo| |
| 015 |
|
|
|a SNBRB
|
| 035 |
|
|
|a (urnnbn)urn:nbn:sk:snk:ar-005hua
|
| 035 |
|
|
|a (uuid)f2d18694-f12a-45f3-a17e-5c272af9e455
|
| 035 |
|
|
|a (sysno)vtls008415146
|
| 040 |
|
|
|a SNKBUCL
|b slo
|c SNKBUCL
|e AACR2
|
| 041 |
0 |
|
|a slo
|b eng
|b slo
|
| 044 |
|
|
|a xo
|c SK
|
| 080 |
|
|
|a 61-051(047.53):82-95
|2 1981
|
| 245 |
0 |
0 |
|a Rozhovory Ivana Hulína a Ivana Žuchu
|c Karol Kappeller
|
| 650 |
0 |
7 |
|a lekári
|2 snkbucl
|9 3195
|
| 650 |
0 |
7 |
|a rozhovor
|2 snkbucl
|9 23484
|
| 650 |
0 |
7 |
|a psychológia
|2 snkbucl
|9 807
|
| 655 |
|
7 |
|a recenzie
|2 snkbucl
|9 21907
|
| 700 |
1 |
|
|a Kappeller, Karol
|4 rev
|9 1258133
|
| 773 |
0 |
|
|t Lekársky obzor
|g Roč. 54, č. 3 (2005), s. 122
|
| 787 |
0 |
8 |
|i Rec.:
|a Hulín, Ivan
|t Rozhovory Ivana Hulína a Ivana Žuchu
|d Bratislava : Fáber, 2005
|
| 954 |
|
|
|a odborná, vedecká literatúra pôvodná (slovenská)
|2 lita
|
| 958 |
0 |
|
|a OND
|
| 958 |
|
|
|a article_dop7
|
| 999 |
|
|
|c 2248178
|d 2250108
|